000 01115cam a2200229 a 4500
001 000005753
005 20200929151754.0
008 760629s1964 uy 001 0 spa
040 _aDO-SdBNP
_cTxU
_dOCoLC
_dDLC
082 _a342
_bM385a
100 1 _aMartínez, Martín C.
_q(Martín Casimiro Martínez),
_d1859-1946.
_916283
245 1 0 _aAnte la nueva Constitución /
_cMartín C. Martínez ; prólogo, Héctor Gros Espiell.
260 _aMontevideo, Uruguay :
_bMinisterio de Instrucción Pública y Previsión Social,
_c1964.
300 _axxxix, 268 p. ;
_c20 cm.
440 0 _aBiblioteca Artigas.
_916279
490 1 _aClásicos uruguayos
_v48.
500 _aAppendix (p. [203]-268) : El primer bienio del Consejo Nacional.--Sobre interpretacion del articulo 100 de la Constitucion.--Sobre delegacion de competencias legislativas al Poder Ejecutivo.--La revision constitucional.
650 4 _aDerecho constitucional
_zUruguay
_916284
700 1 _aGros Espiell, Héctor,
_epról.
_916285
830 0 _aBiblioteca Artigas.
_pclásicos uruguayos,
_v48
_916286
910 _aCatalogación por copia / LC
999 _a1
_n0000011
_c5549
_d5549